000 00430nam a2200181Ia 4500
001 9792
005 20260306161744.0
008 260306t1999||||xx |||||||||||||| ||spa||
041 _aESP
082 _a461
_bR31
100 _aReal Academia Española
_eAUT
245 0 _aOrtografía de la lengua española
260 _c1999
300 _a162 páginas :
_c19 cm.
650 _aGEN
654 _aCHU
942 _cLIB
_dJUS
_fJUS
_2ddc
_n
999 _c9792
_d9792